[Event "AUTO-INT-2820"]
[Site "http://www.queenalice.com/game.php?id=1332851"]
[Date "2015.1.5"]
[Round "2"]
[White "od_xavier"]
[Black "Dorges"]
[Result "0-1"]
[WhiteElo "1547"]
[BlackElo "1786"]

1. e4 e5 2. Nf3 Nc6 3. Bc4 Nf6 4. d3 h6 5. c3 Bc5 6. O-O d6 7. h3 O-O 8. a4 a6
9. b4 Ba7 10. Bb2 Bd7 11. Nbd2 a5 12. b5 Ne7 13. Qc2 c6 14. g4 cxb5 15. axb5 Bc5
16. Nh4 Qb6 17. Ndf3 Ng6 18. Bc1 Nxh4 19. Nxh4 Bxb5 20. Rb1 Ba4 0-1

[Event "AUTO-INT-2820"]
[Site "http://www.queenalice.com/game.php?id=1332852"]
[Date "2015.1.5"]
[Round "2"]
[White "Dorges"]
[Black "renet54"]
[Result "1-0"]
[WhiteElo "1828"]
[BlackElo "1550"]

1. e4 e5 2. Nf3 Nc6 3. Nc3 Nf6 4. Bc4 Nxe4 5. Nxe4 d5 6. d3 dxc4 7. dxc4 Nd4 8.
Nxd4 exd4 9. O-O Bf5 10. Qd3 Bc5 11. Nf6+ Qxf6 12. Re1+ Be7 13. Qe2 O-O 14. Qxe7
Qg6 15. Qh4 Rfe8 16. Bf4 Bxc2 17. Bxc7 d3 18. Ba5 b6 19. Bd2 Ba4 20. b3 Bc6 21.
Qh3 Rad8 22. Rxe8+ Rxe8 23. Re1 Rxe1+ 24. Bxe1 d2 25. Qc8+ 1-0

[Event "AUTO-INT-2820"]
[Site "http://www.queenalice.com/game.php?id=1332853"]
[Date "2015.1.5"]
[Round "2"]
[White "renet54"]
[Black "Dorges"]
[Result "0-1"]
[WhiteElo "1545"]
[BlackElo "1835"]

1. e4 e5 2. Nf3 Nc6 3. Bb5 Bd6 4. c3 a6 5. Ba4 Nf6 6. O-O Nxe4 7. Bxc6 dxc6 8.
Qe2 Bf5 9. d4 exd4 10. cxd4 O-O 11. Re1 h6 12. Bxh6 gxh6 13. Nbd2 Re8 14. Qe3
Ng5 15. Ne4 Rxe4 16. Qb3 b5 17. d5 Qd7 18. dxc6 Qxc6 19. Rac1 Qb6 20. Rxe4 Nxe4
21. h3 Qxf2+ 22. Kh1 Ng3+ 23. Kh2 Ne2+ 24. Kh1 Nxc1 25. Qd5 Re8 26. Qxf5 Qf1+
0-1

[Event "AUTO-ADV-3364"]
[Site "http://www.queenalice.com/game.php?id=1344216"]
[Date "2015.2.26"]
[Round "1"]
[White "Dorges"]
[Black "ALDROB"]
[Result "1-0"]
[WhiteElo "1782"]
[BlackElo "1779"]

1. e4 c5 2. Nc3 d6 3. Bc4 e6 4. Nf3 Nf6 5. d3 Be7 6. h3 Nc6 7. O-O O-O 8. a3 h6
9. Be3 a6 10. Bf4 e5 11. Be3 Ne8 12. Nd5 b5 13. Nxe7+ Qxe7 14. Bd5 Bb7 15. Bxc6
Bxc6 16. Nd2 Nc7 17. Qg4 Bd7 18. Qg3 d5 19. Bxh6 f6 20. Nb3 Ne6 21. exd5 Nc7 22.
d6 1-0

[Event "AUTO-ADV-3364"]
[Site "http://www.queenalice.com/game.php?id=1344217"]
[Date "2015.2.26"]
[Round "1"]
[White "ALDROB"]
[Black "Dorges"]
[Result "0-1"]
[WhiteElo "1763"]
[BlackElo "1763"]

1. e4 e5 2. f4 exf4 3. Nf3 Nf6 4. d4 Nxe4 5. Bd3 d5 6. O-O Bd6 7. Nbd2 Nxd2 8.
Bxd2 h6 9. Re1+ Be6 10. c4 O-O 11. c5 Be7 12. b4 c6 13. Bxf4 Nd7 14. Qc2 Nf6 15.
Be5 g6 16. Bxg6 fxg6 17. Qxg6+ Kh8 18. Qxh6+ Kg8 19. Ng5 Bf5 20. Re3 Qe8 21.
Bxf6 Rxf6 22. Qxf6 Bxf6 23. Rxe8+ Rxe8 24. Nf3 Be4 25. Rf1 Bxf3 26. Rxf3 Bxd4+
27. Kf1 Re4 0-1

[Event "AUTO-ADV-3364"]
[Site "http://www.queenalice.com/game.php?id=1344218"]
[Date "2015.2.26"]
[Round "1"]
[White "Dorges"]
[Black "Paked"]
[Result "0-1"]
[WhiteElo "1774"]
[BlackElo "1911"]

1. e4 e5 2. Nf3 Nc6 3. Nc3 Nf6 4. Bc4 Be7 5. d3 O-O 6. O-O d6 7. Ng5 h6 8. Nf3
Bg4 9. h3 Bh5 10. Be3 Nd4 11. Bxd4 exd4 12. Nd5 c6 13. Nxe7+ Qxe7 14. g4 Nxg4
15. hxg4 Bxg4 16. Kg2 Qf6 17. Rh1 Rae8 18. Kg3 h5 19. a4 g5 20. Kg2 h4 21. Re1
Qf4 22. e5 h3+ 23. Kg1 Bxf3 24. Qc1 h2+ 25. Kf1 h1=R# 0-1

[Event "AUTO-ADV-3364"]
[Site "http://www.queenalice.com/game.php?id=1344219"]
[Date "2015.2.26"]
[Round "1"]
[White "Paked"]
[Black "Dorges"]
[Result "1-0"]
[WhiteElo "1864"]
[BlackElo "1816"]

1. e4 e5 2. Nf3 Nc6 3. Bc4 h6 4. d4 exd4 5. Nxd4 Nf6 6. Nxc6 bxc6 7. e5 Ne4 8.
Qf3 Ng5 9. Bxg5 f6 10. Qh5+ Ke7 11. Qf7# 1-0

[Event "AUTO-ADV-3364"]
[Site "http://www.queenalice.com/game.php?id=1344220"]
[Date "2015.2.26"]
[Round "1"]
[White "Dorges"]
[Black "Fauquinelle"]
[Result "0-1"]
[WhiteElo "1799"]
[BlackElo "1944"]

1. e4 c6 2. Nc3 d5 3. d4 dxe4 4. Nxe4 Bf5 5. f3 e5 6. Bd3 Bxe4 7. Bxe4 Qxd4 8.
Qxd4 exd4 9. a3 Nf6 10. Bd3 Nbd7 11. Bf4 Bc5 12. O-O-O O-O 13. Re1 Rae8 14. Nh3
h6 15. Nf2 Nd5 16. Ne4 Nxf4 17. Nxc5 Nxc5 18. Kb1 Ncxd3 19. cxd3 Nxd3 20. Rxe8
Rxe8 21. Rd1 Re1 22. Rxe1 Nxe1 23. g4 Nxf3 24. h3 d3 25. Kc1 Kf8 26. b4 Ke7 27.
Kd1 Kd6 28. Kc1 Kd5 29. a4 Kc4 30. b5 cxb5 31. axb5 Kxb5 32. h4 a5 33. g5 a4 34.
Kb1 a3 35. gxh6 gxh6 36. h5 a2+ 37. Kxa2 d2 38. Kb1 d1=Q+ 39. Kb2 Kb4 40. Ka2
Kc3 41. Ka3 Qb3# 0-1

[Event "AUTO-ADV-3364"]
[Site "http://www.queenalice.com/game.php?id=1344221"]
[Date "2015.2.26"]
[Round "1"]
[White "Fauquinelle"]
[Black "Dorges"]
[Result "1-0"]
[WhiteElo "1935"]
[BlackElo "1778"]

1. c4 Nf6 2. Nc3 d5 3. cxd5 Nxd5 4. Nf3 Nxc3 5. bxc3 Nc6 6. a4 Bg4 7. Ba3 e6 8.
Bxf8 Rxf8 9. e4 h6 10. Bb5 Qd7 11. d4 a6 12. Bxc6 Qxc6 13. Qd3 O-O-O 14. Ne5 Qb6
15. Nxg4 Qb2 16. O-O Qb6 17. a5 Qc6 18. Ne3 Rd7 19. Nc2 e5 20. d5 Qd6 21. Ne3 g6
22. c4 c6 23. Rac1 Kb8 24. Qb3 cxd5 25. cxd5 f5 26. f3 f4 27. Nc4 Qe7 28. Qb6
Rf6 29. d6 Qd8 30. Rfd1 Qxb6+ 31. Nxb6 Rd8 32. d7 Rff8 33. Rd5 g5 34. Rxe5 1-0

[Event "LAMB´S FIGHT"]
[Site "http://www.queenalice.com/game.php?id=1353815"]
[Date "2015.4.16"]
[Round "-"]
[White "Strogonoff"]
[Black "Dorges"]
[Result "1-0"]
[WhiteElo "1850"]
[BlackElo "1792"]

1. e4 e5 2. Nf3 Nc6 3. Bc4 h6 4. d4 exd4 5. Nxd4 Nf6 6. Nxc6 bxc6 7. Nc3 Bb4 8.
Bd2 d5 9. exd5 Bxc3 10. Bxc3 cxd5 11. Bb3 O-O 12. O-O c6 13. Qf3 Qd6 14. h3 Ba6
15. Rfe1 d4 16. Rad1 c5 17. a3 Rfe8 18. Ba5 Rab8 19. Bd2 Rxe1+ 20. Rxe1 1-0

[Event "AUTO-ADV-3407"]
[Site "http://www.queenalice.com/game.php?id=1358176"]
[Date "2015.5.7"]
[Round "1"]
[White "Dorges"]
[Black "Herivelto"]
[Result "0-1"]
[WhiteElo "1796"]
[BlackElo "1976"]

1. e4 c5 2. Nc3 Nc6 3. Bb5 Nf6 4. d3 Nd4 5. Nf3 Nxb5 6. Nxb5 Qa5+ 7. Nc3 d5 8.
exd5 Nxd5 9. Bd2 Nxc3 10. Bxc3 Qc7 11. O-O e6 12. d4 c4 13. a3 Be7 14. Ne5 O-O
15. Qe2 b5 16. Bb4 Bxb4 17. axb4 Bb7 18. c3 f6 19. Nf3 Rae8 20. Rxa7 Qc6 21. Ra5
e5 22. Rd1 exd4 23. Qd2 d3 24. Raa1 Re2 25. Qc1 Rfe8 26. Kf1 Rc2 27. Qf4 Ree2
28. Qb8+ Kf7 29. Qg3 Rxf2+ 30. Qxf2 Rxf2+ 31. Kxf2 g5 32. Rg1 Qd6 33. Rgd1 Bxf3
34. Kxf3 Qf4# 0-1

[Event "AUTO-ADV-3407"]
[Site "http://www.queenalice.com/game.php?id=1358177"]
[Date "2015.5.7"]
[Round "1"]
[White "Herivelto"]
[Black "Dorges"]
[Result "1-0"]
[WhiteElo "1655"]
[BlackElo "1735"]

1. f4 Nc6 2. e4 e5 3. fxe5 Nxe5 4. d4 Ng6 5. Nf3 Nf6 6. Nc3 Bb4 7. e5 Bxc3+ 8.
bxc3 Ne4 9. Qd3 Nf6 10. exf6 Qxf6 11. Bg5 Qe6+ 12. Be2 O-O 13. O-O h6 14. Bd2
Re8 15. Rae1 Qxa2 16. d5 d6 17. Nd4 Qxd5 18. Bf3 Bf5 19. Bxd5 Bxd3 20. cxd3 c6
21. Bxf7+ Kh8 22. Bxe8 Kh7 23. Bxg6+ Kxg6 24. Re6+ Kh7 25. Rxd6 Re8 26. Rf7 Kg8
27. Rdd7 Rf8 28. Rxf8+ Kxf8 29. Rxb7 a5 30. Nxc6 a4 31. d4 a3 32. c4 a2 33. Bc3
Kg8 34. d5 Kh7 35. d6 Kg6 36. Rxg7+ Kf5 37. d7 1-0

[Event "AUTO-ADV-3407"]
[Site "http://www.queenalice.com/game.php?id=1358178"]
[Date "2015.5.7"]
[Round "1"]
[White "Dorges"]
[Black "maurice91"]
[Result "0-1"]
[WhiteElo "1792"]
[BlackElo "1864"]

1. e4 c6 2. d4 d5 3. e5 c5 4. c3 Bf5 5. Nf3 h6 6. Nh4 Bxb1 7. Rxb1 e6 8. Bb5+
Nc6 9. Nf3 Qb6 10. Bxc6+ bxc6 11. O-O Ne7 12. b3 a5 13. Be3 cxd4 14. cxd4 Nf5
15. Qd2 Bb4 16. Qd3 Nxe3 17. fxe3 c5 18. Nd2 Bxd2 19. Qxd2 cxd4 20. Qxd4 Qb4 21.
Qf4 O-O 22. Rbc1 Qd2 23. Rc7 Rac8 24. Rf2 Qd1+ 25. Rf1 Qh5 26. Ra7 g5 27. Qf6
Rc2 28. h3 Rxa2 0-1

[Event "AUTO-ADV-3407"]
[Site "http://www.queenalice.com/game.php?id=1358179"]
[Date "2015.5.7"]
[Round "1"]
[White "maurice91"]
[Black "Dorges"]
[Result "1-0"]
[WhiteElo "1850"]
[BlackElo "1806"]

1. d4 d5 2. Nf3 Nf6 3. g3 Bg4 4. Bg2 e6 5. O-O Bd6 6. Nbd2 Nc6 7. Re1 O-O 8. c3
h6 9. e4 dxe4 10. Nxe4 Nxe4 11. Rxe4 Bf5 12. Re1 Re8 13. Be3 Na5 14. b3 b6 15.
Nh4 Qf6 16. Bxa8 Rxa8 17. Qf3 Re8 18. b4 Nc4 19. Qc6 Kf8 20. Qxc4 e5 21. dxe5
Bxe5 22. Bd4 Bxd4 23. Rxe8+ 1-0

[Event "AGORA VAI"]
[Site "http://www.queenalice.com/game.php?id=1367019"]
[Date "2015.6.22"]
[Round "-"]
[White "Dorges"]
[Black "Strogonoff"]
[Result "0-1"]
[WhiteElo "1787"]
[BlackElo "1965"]

1. e4 e5 2. Nf3 Nc6 3. Nc3 Bc5 4. Bb5 d6 5. Bxc6+ bxc6 6. d3 Bg4 7. h3 Bxf3 8.
Qxf3 Nf6 9. O-O O-O 10. Qg3 Nh5 11. Qg4 Nf6 12. Qg3 Kh8 13. Ne2 d5 14. Be3 Bxe3
15. Qxe3 d4 16. Qd2 c5 17. c4 Nh5 18. f4 exf4 19. Nxf4 Qg5 20. Rf2 f5 21. Nxh5
Qxh5 22. e5 f4 23. e6 Qh6 24. e7 Rf7 25. Re1 Re8 26. Rfe2 Qh4 27. Rf1 h6 0-1

[Event "AUTO-ADV-3469"]
[Site "http://www.queenalice.com/game.php?id=1375914"]
[Date "2015.8.6"]
[Round "1"]
[White "Fauquinelle"]
[Black "Dorges"]
[Result "1-0"]
[WhiteElo "1953"]
[BlackElo "1750"]

1. d4 d5 2. c4 dxc4 3. Nf3 Nf6 4. Qa4+ Nc6 5. Nc3 Bd7 6. Qxc4 h6 7. e4 Bg4 8.
Be2 Bxf3 9. Bxf3 Nxd4 10. Bd1 e5 11. O-O Bd6 12. Ba4+ c6 13. Be3 1-0

[Event "AUTO-ADV-3469"]
[Site "http://www.queenalice.com/game.php?id=1375915"]
[Date "2015.8.6"]
[Round "1"]
[White "Dorges"]
[Black "Fauquinelle"]
[Result "0-1"]
[WhiteElo "1742"]
[BlackElo "1961"]

1. e4 c6 2. d3 d5 3. Nc3 e5 4. Nf3 Bg4 5. h3 Bxf3 6. Qxf3 d4 7. Ne2 Be7 8. Ng3
Nf6 9. Bg5 h6 10. Bxf6 Bxf6 11. Nh5 Qa5+ 12. Kd1 Nd7 0-1